000 00349 a2200157 4500
001 195140
020 _a978-85-418-189-4
040 _cMagnum
100 _aBelinky, Tatiana
240 1 0 _aVovô majai e as lebres
_l
245 1 0 _aVovô majai e as lebres
300 _a46
362 0 _a2017
697 _aLITERATURA INFANTO-JUVENIL
942 _cBK
999 _c195140
_d195140